Servicios de comunicación audiovisual (Registro nro. 417)
[ vista simple ]
| 000 -LEADER | |
|---|---|
| fixed length control field | 01444 a2200229 4500 |
| 001 - CONTROL NUMBER | |
| control field | 4287 |
| 005 - DATE AND TIME OF LATEST TRANSACTION | |
| control field | 20260407155434.0 |
| 008 - FIXED-LENGTH DATA ELEMENTS--GENERAL INFORMATION | |
| fixed length control field | 260407a2010 arg spa d |
| 003 - CONTROL NUMBER IDENTIFIER | |
| control field | AR-UNSa-BCEJYS |
| 040 ## - CATALOGING SOURCE | |
| Original cataloging agency | AR-UNSa-BCEJYS |
| Language of cataloging | spa |
| Transcribing agency | AR-UNSa-BCEJYS |
| 080 ## - UNIVERSAL DECIMAL CLASSIFICATION NUMBER | |
| Universal Decimal Classification number | 347.836 |
| Common auxiliary subdivision | Ley de la radiodifusión. Transmisión y recepción de radiocomunicaciones |
| 020 ## - INTERNATIONAL STANDARD BOOK NUMBER | |
| International Standard Book Number | 978-987-03-1879-8 |
| 100 1# - MAIN ENTRY--PERSONAL NAME | |
| Personal name | Etcheverry, Raúl Aníbal |
| 245 10 - TITLE STATEMENT | |
| Title | Servicios de comunicación audiovisual |
| Name of part/section of a work | Régimen legal. Derecho comparado |
| 264 #1 - PRODUCTION, PUBLICATION, DISTRIBUTION, MANUFACTURE, AND COPYRIGHT NOTICE | |
| Place of production, publication, distribution, manufacture | Buenos Aires : |
| Name of producer, publisher, distributor, manufacturer | Universidad de Buenos Aires. Facultad de Derecho |
| Date of production, publication, distribution, manufacture, or copyright notice | 2010 |
| 300 ## - PHYSICAL DESCRIPTION | |
| Extent | xxi, 383 p. |
| Dimensions | 24 cm. |
| 505 ## - FORMATTED CONTENTS NOTE | |
| Formatted contents note | 1. Importancia de los medios y vías de radiodifusión en la Jurisprudencia de la Corte - 2. Servicios de radiodifusión ¿Servicios públicos o servicios de interés público? - 3. De los servicios audiovisuales - 4. La actividad de la radiodifusión como ejercicio de un derecho humano - 5. La transmisión de los derechos deportivos. titularidad de los derechos de transmisión - 6. Las productoras de contenidos. Los contratos artísticos - 7. Las industrias culturales en la legislación Argentina - 8. Nuevos Servicios convergentes de vídeo, voz y datos |
| 590 ## - LOCAL NOTE (RLIN) | |
| Local note | niveau_biblio:m niveau_hierar:0 |
| 700 1# - ADDED ENTRY--PERSONAL NAME | |
| Personal name | Pachecoy, Susana E. |
| 856 41 - ELECTRONIC LOCATION AND ACCESS | |
| Uniform Resource Identifier | <a href="https://biblioeco.unsa.edu.ar/pmb/images/libros/Servicios de comunicacion audiovisual2-l118369.jpg">https://biblioeco.unsa.edu.ar/pmb/images/libros/Servicios de comunicacion audiovisual2-l118369.jpg</a> |
| Link text | Imagen de portada |
| Electronic format type | image/jpeg |
| 942 ## - ADDED ENTRY ELEMENTS (KOHA) | |
| Koha item type | |
| Withdrawn status | Lost status | Damaged status | Not for loan | Home library | Current library | Shelving location | Date acquired | Total checkouts | Full call number | Barcode | Date last seen | Price effective from | Koha item type |
|---|---|---|---|---|---|---|---|---|---|---|---|---|---|
| Biblioteca Prof. Eusebio Cleto del Rey | Biblioteca Prof. Eusebio Cleto del Rey | 07/04/2026 | 347.836 E83 | L118369 | 07/04/2026 | 07/04/2026 | Libro |